00554nam a22001577a 450000500170000000800410001702000230005804100080008108200190008910000220010824501260013026000630025630000190031950400160033865000420035420260428170041.0260428b |||||||| |||| 00| 0 eng d a9780792385127qhbk aeng a343.730994 CHE aCherry,Barbara A. aThe Crisis in Telecommunications Carrier LiabilitybHistorical Regulatory Flaws and Recommended ReformcBarbara A. Cherry aUnited States of AmericabKluwer Academic Publishersc1999 a131p. :c20cm. aBib and Ref aMilitary, tax, trade & industrial law